Marine fisheries ecology

Saved in:
Bibliographic Details
Main Author: Simon Jennings
Format: Book
Language:Undetermined
Published: New York Blackwell Science
Subjects:
Tags: Add Tag
No Tags, Be the first to tag this record!
Institutions: Trung tâm Học liệu Trường Đại học Cần Thơ
LEADER 00558nam a2200181Ia 4500
001 CTU_58228
008 210402s9999 xx 000 0 und d
082 |a 333.956 
082 |b J54 
100 |a Simon Jennings 
245 0 |a Marine fisheries ecology 
245 0 |c Simon Jennings, Michel J. Kaiser and John D. Reynolds 
260 |a New York 
260 |b Blackwell Science 
650 |a fishery management,fisheries,marine fisheries 
650 |x environmental aspects,ecology 
904 |i Minh 
980 |a Trung tâm Học liệu Trường Đại học Cần Thơ